[Event "?"]
[Site "La Fere Open"]
[Date "2003.??.??"]
[Round "?"]
[White "Filipek, Jakub"]
[Black "Sarakauskas, Gediminas"]
[Result "1-0"]
[WhiteElo "2375"]
[BlackElo "2395"]

1. e4 c5 2. Nf3 e6 3. d4 cxd4 4. Nxd4 a6 5. Bd3 Bc5 6. Nb3 Be7 7. O-O d6 8.
a4 Nf6 9. Be3 O-O 10. a5 Nc6 11. Bb6 Qd7 12. Nc3 d5 13. Qe2 d4 14. Na4 e5
15. c3 dxc3 16. bxc3 Nd8 17. f4 exf4 18. e5 Nd5 19. Be4 Qb5 20. c4 Qxb3 21.
cxd5 Qb5 22. Qc2 g6 23. Rab1 Qe8 24. Bd4 Bd7 25. Nb6 Rb8 26. Qc7 1-0

[Event "?"]
[Site "Ferrol Open"]
[Date "2002.??.??"]
[Round "?"]
[White "Espineira Gonzalez, Diego Adrian"]
[Black "Korneev, Oleg"]
[Result "0-1"]
[WhiteElo "2190"]
[BlackElo "2580"]

1. e4 c5 2. Nf3 e6 3. d4 cxd4 4. Nxd4 a6 5. Bd3 Bc5 6. Nb3 Be7 7. O-O d6 8.
c4 Nf6 9. Nc3 b6 10. Be3 Bb7 11. f4 Nbd7 12. Qe2 Qc7 13. Kh1 O-O 14. Rae1
Rfe8 15. Bg1 g6 16. e5 Nh5 17. Be4 Bxe4 18. Qxe4 Rac8 19. Nd2 Rcd8 20. Nf3
Nc5 21. Bxc5 dxc5 22. Rd1 Ng7 23. g4 f5 24. exf6 Bxf6 25. Ne5 g5 26. Nf3
Qxf4 27. Qxf4 gxf4 28. Ne4 Be7 29. Ne5 Rxd1 30. Rxd1 Rd8 31. Rxd8+ Bxd8 32.
Nd3 Bc7 33. Kg2 Kf7 34. b4 cxb4 35. Nxb4 a5 36. Na6 Be5 37. a4 Bd4 38. c5
bxc5 39. Naxc5 e5 40. Nb3 Bb6 41. Kf3 Ke6 42. Ng5+ Kd5 43. Nxh7 Kc4 44.
Nd2+ Kd3 45. Ne4 Ne6 46. Nhg5 Nd4+ 47. Kg2 Bd8 48. h4 Bxg5 49. Nxg5 e4 50.
h5 f3+ 51. Kg3 e3 52. h6 f2 0-1

[Event "?"]
[Site "Son Servera"]
[Date "2004.??.??"]
[Round "?"]
[White "Souleidis, Georgios"]
[Black "Vidarte Morales, Arturo"]
[Result "1/2-1/2"]
[WhiteElo "2395"]
[BlackElo "2375"]

1. e4 c5 2. Nf3 e6 3. d4 cxd4 4. Nxd4 a6 5. Bd3 Bc5 6. Nb3 Be7 7. O-O d6 8.
f4 Qc7 9. Nc3 Bf6 10. Bd2 b6 11. Qe2 Bb7 12. Rae1 Nd7 13. Nd1 Ne7 14. Kh1
h5 15. c3 e5 16. fxe5 Nxe5 17. Ne3 Nxd3 18. Qxd3 O-O-O 19. Nd5 Nxd5 20.
exd5 h4 21. h3 Rde8 22. Bf4 b5 23. Nd4 Bxd4 24. Qxd4 Qc5 25. Rxe8+ Rxe8 26.
Qxg7 Qxd5 27. Rf2 Qxa2 28. Qg4+ Qe6 29. Qxh4 f5 30. Kh2 Rg8 31. Bg3 Be4 32.
Rd2 Rg6 33. Qh8+ Qg8 34. Qxg8+ Rxg8 35. Bxd6 Rd8 36. b4 Kd7 37. Bf4+ Ke8
38. Rxd8+ Kxd8 39. h4 Ke7 40. h5 Kf7 41. Kg3 Kg7 42. Kf2 Kh7 43. g3 Bd5 44.
Ke3 Bf7 45. h6 Kg6 46. Kd4 Be6 47. Kc5 Bc4 48. Kb6 Bd3 49. Kxa6 Bc4 50. Kb6
Bd3 51. Kc5 Bc4 52. Kd6 Bf1 53. Ke5 Bd3 54. Be3 Bc4 55. h7 Kxh7 56. Kxf5
Kg8 1/2-1/2

[Event "?"]
[Site "Sokolsky Memorial"]
[Date "1981.??.??"]
[Round "?"]
[White "Kapengut, Albert Z"]
[Black "Roizman, Abram Y"]
[Result "1/2-1/2"]
[WhiteElo "2455"]
[BlackElo "2315"]

1. e4 c5 2. Nf3 e6 3. d4 cxd4 4. Nxd4 a6 5. Bd3 Bc5 6. Nb3 Bb6 7. N1d2 Nc6
8. O-O Nf6 9. Qe2 d5 10. e5 Nd7 11. Nf3 h6 12. h4 O-O 13. c4 f6 14. cxd5
exd5 15. e6 Nde5 16. Bf5 Qe7 17. Be3 Bxe3 18. Qxe3 Bxe6 19. Nfd4 Bxf5 20.
Nxf5 Qd7 21. Qh3 Ne7 22. Nxe7+ Qxe7 23. Rad1 Qf7 24. Nc5 Rac8 25. f4 Rxc5
26. fxe5 Rc6 27. Qb3 Rd8 28. exf6 Rxf6 29. Rxf6 gxf6 30. Rd3 Rd7 31. Rg3+
Kh7 32. Qd3+ f5 33. Rf3 Qe6 34. Rxf5 Qe4 1/2-1/2

[Event "?"]
[Site "Rostock GER"]
[Date "1983.??.??"]
[Round "?"]
[White "Schurade, Matthias"]
[Black "Suetin, Alexei S"]
[Result "1/2-1/2"]
[WhiteElo "2365"]
[BlackElo "2405"]

1. e4 c5 2. Nf3 e6 3. d4 cxd4 4. Nxd4 a6 5. Bd3 Bc5 6. Nb3 Bb6 7. Qe2 Nc6
8. Be3 Nf6 9. Nc3 d6 10. Bxb6 Qxb6 11. O-O O-O 12. Kh1 Qc7 13. f4 b5 14. a3
Bb7 15. Rae1 b4 16. axb4 Nxb4 17. Nd4 Rac8 18. Nf3 Qb6 19. Rd1 h6 20. Rfe1
Rfd8 21. Nb1 d5 22. Nc3 dxe4 23. Nxe4 Nfd5 24. Ne5 f5 25. Qh5 Qc7 26. Qg6
Nxf4 27. Nf6+ Kf8 1/2-1/2

[Event "?"]
[Site "ch-Privolzhsky Region ;The Wee"]
[Date "2005.??.??"]
[Round "7"]
[White "Ozolin, Maxim"]
[Black "Rodchenkov, Sergey D"]
[Result "0-1"]
[WhiteElo "2410"]
[BlackElo "2355"]

1. e4 c5 2. Nf3 e6 3. d4 cxd4 4. Nxd4 a6 5. Bd3 Bc5 6. Nb3 Be7 7. Be3 Nf6
8. f4 Qc7 9. N1d2 d6 10. Qe2 e5 11. f5 d5 12. g4 d4 13. Bg1 Nfd7 14. h4 Nc6
15. Nf3 Nb4 16. Bh2 Bd6 17. O-O Nf6 18. Nfxd4 Qb6 19. Kh1 Bd7 20. g5 exd4
21. gxf6 gxf6 22. Rg1 O-O-O 23. Rg7 Bxh2 24. Qxh2 Nc6 25. Rxf7 Ne5 26. Rg7
h5 27. Qf4 Bc6 28. Rag1 Kb8 29. Re7 Rde8 30. Re6 Ka7 31. Qf2 Rd8 32. Rg7
Rhg8 33. Ree7 Ng4 34. Qg1 Rxg7 35. Rxg7 Ne3 36. Qf2 Re8 37. Qf4 Re5 38. Kh2
a5 39. Rg3 Ng4+ 40. Kg2 a4 41. Nd2 Rc5 42. b3 Qb4 43. Nc4 Bb5 44. a3 Qc3
45. Rxg4 hxg4 46. Qd6 Rc6 47. Qd5 Ba6 48. Nd6 Rxd6 49. Qxd6 axb3 0-1

[Event "?"]
[Site "Gothenburg Cup"]
[Date "2001.??.??"]
[Round "?"]
[White "Couso, Luis"]
[Black "Ahlander, Bjorn"]
[Result "1-0"]
[WhiteElo "2345"]
[BlackElo "2420"]

1. e4 c5 2. Nf3 e6 3. d4 cxd4 4. Nxd4 a6 5. Bd3 Bc5 6. Nb3 Be7 7. Qg4 Bf6
8. Qe2 Nc6 9. O-O Nge7 10. f4 d6 11. N1d2 O-O 12. a4 g6 13. Kh1 Nb4 14. Nf3
Nec6 15. Be3 Nxd3 16. cxd3 e5 17. Qf2 exf4 18. Bxf4 Bg7 19. Nbd4 Ne5 20.
Qd2 f6 21. h3 Kh8 22. Rac1 Bd7 23. b3 Rc8 24. Rxc8 Bxc8 25. Bh6 Rf7 26.
Bxg7+ Kxg7 27. Rc1 Rc7 28. Rc3 Bd7 29. Qc1 Rxc3 30. Qxc3 Qb6 31. Kh2 h5 32.
Kg3 g5 33. a5 h4+ 34. Kh2 Qc5 35. Qxc5 Nxf3+ 36. Nxf3 dxc5 37. Kg1 Bb5 38.
Ne1 Kg6 39. Kf2 f5 40. Nf3 Kf6 41. Ke3 Be8 42. Nd2 Bh5 43. exf5 Kxf5 44.
Ne4 Bd1 45. Nxc5 g4 46. hxg4+ Kxg4 47. Kd2 Bxb3 48. Nxb3 Kg3 49. Ke2 Kxg2
50. Nc5 h3 51. Ne4 h2 52. Nf2 Kg3 53. Ke3 Kh4 54. Kf4 Kh5 55. d4 1-0

[Event "?"]
[Site "36th Olympiad ;The Week in Che"]
[Date "2004.??.??"]
[Round "7"]
[White "Munoz, Li"]
[Black "Mortensen, Erling"]
[Result "0-1"]
[WhiteElo "2300"]
[BlackElo "2465"]

1. e4 c5 2. Nf3 e6 3. d4 cxd4 4. Nxd4 a6 5. Bd3 Bc5 6. Nb3 Be7 7. Qg4 g6 8.
Qe2 d6 9. Nc3 Nd7 10. Be3 Qc7 11. a4 b6 12. O-O Bb7 13. f4 Ngf6 14. Kh1 h5
15. Bd4 h4 16. Nd2 h3 17. g3 Nc5 18. Kg1 e5 19. Be3 Nxd3 20. cxd3 exf4 21.
Rxf4 Nd7 22. Rff1 Ne5 23. Rac1 Qd8 24. Qf2 O-O 25. Bxb6 Qb8 26. Qe3 Ng4 27.
Qd4 Bg5 28. Nc4 Bxc1 29. Rxc1 Ne5 30. Nxe5 dxe5 31. Qe3 Rc8 32. a5 Qd6 33.
Rf1 Re8 34. Rf3 Qe6 35. Qg5 Kg7 36. d4 f6 37. Qe3 exd4 38. Bxd4 Rf8 39. Qg5
Rad8 40. Qe3 Kh7 41. g4 g5 42. Rxh3+ Kg6 43. Rf3 Qxg4+ 44. Rg3 Qh4 45. h3
Rde8 46. Rg4 Qh5 47. Ne2 Kh7 48. Ng3 Qxh3 49. Qe2 Bc8 50. Nf5 Bxf5 51. Rg2
Rxe4 52. Qf2 Kg6 0-1

[Event "?"]
[Site "Pyramiden Franken Cup"]
[Date "1999.??.??"]
[Round "?"]
[White "Tran, Phat"]
[Black "Prusikhin, Mihailo"]
[Result "1-0"]
[WhiteElo "2325"]
[BlackElo "2440"]

1. e4 c5 2. Nf3 e6 3. d4 cxd4 4. Nxd4 a6 5. Bd3 Bc5 6. Nb3 Be7 7. Nc3 d6 8.
Qg4 g6 9. Qg3 Nf6 10. Bh6 Nbd7 11. O-O Ne5 12. Be2 Nc6 13. Rad1 Rg8 14. f4
Nd7 15. Kh1 Qc7 16. Qh3 b5 17. Bg5 Bxg5 18. fxg5 Rf8 19. Bxb5 axb5 20. Nxb5
Qb6 21. Nxd6+ Ke7 22. Nxf7 Rxf7 23. Rxf7+ Kxf7 24. Qxh7+ Kf8 25. Rf1+ Ke8
26. Qxg6+ Kd8 27. Qh7 Ba6 28. Rd1 Ne5 29. Qh8+ Ke7 30. Qxa8 Ng4 31. Rd4 Qc7
32. Qh8 1-0

[Event "?"]
[Site "Stork YM, Hengelo NED"]
[Date "2004.??.??"]
[Round "4"]
[White "Bitalzadeh, A"]
[Black "Zhigalko, Andrey"]
[Result "0-1"]
[WhiteElo "2290"]
[BlackElo "2475"]

1. e4 c5 2. Nf3 e6 3. d4 cxd4 4. Nxd4 a6 5. Bd3 Bc5 6. Nb3 Be7 7. Qg4 g6 8.
O-O d6 9. Qe2 Nd7 10. f4 Ngf6 11. c4 O-O 12. Nc3 b6 13. a4 Bb7 14. Be3 Rb8
15. g4 Re8 16. h4 d5 17. cxd5 exd5 18. e5 Bc5 19. g5 Nh5 20. Qf2 Bxe3 21.
Qxe3 f6 22. e6 Nf8 23. f5 Bc8 24. Rac1 Rb7 25. Qf3 Rg7 26. Nxd5 Bb7 27. Bc4
Kh8 28. Rcd1 Qb8 29. Rf2 Qe5 30. Qc3 Qxc3 31. bxc3 gxf5 32. Rxf5 fxg5 33.
e7 Ne6 34. Nc7 gxh4+ 35. Kf2 Rg2+ 36. Ke3 Nxc7 37. Rd8 Bc6 38. Nd4 Bxa4 39.
Rxe8+ Bxe8 40. Rf8+ Kg7 41. Rg8+ Kf6 42. Rxg2 h3 43. Rh2 Bd7 44. Nf3 Kxe7
45. Ng1 Nf6 46. Be2 Ncd5+ 47. Kd4 Nf4 48. Bf3 Kd6 49. Ne2 Ne6+ 50. Ke3 Ng5
51. Ng1 Kc5 52. Be2 a5 53. Kf4 h6 54. Ke5 0-1

[Event "?"]
[Site "Espagne (championnat equipes f"]
[Date "2003.??.??"]
[Round "?"]
[White "Andrada Andrada, Luis J"]
[Black "Cramling, Pia"]
[Result "1/2-1/2"]
[WhiteElo "2295"]
[BlackElo "2470"]

1. e4 c5 2. Nf3 e6 3. d4 cxd4 4. Nxd4 a6 5. Bd3 Bc5 6. Nb3 Be7 7. Nc3 d6 8.
f4 Nd7 9. Qf3 Qc7 10. Be3 h5 11. O-O-O Ngf6 12. h3 h4 13. Bd4 e5 14. fxe5
Nxe5 15. Bxe5 dxe5 16. Nd5 Nxd5 17. exd5 O-O 18. Qh5 f5 19. Rhf1 Qd6 20.
Bxf5 Rxf5 21. Rxf5 g6 22. Rg5 Bf5 23. Rf1 Rf8 24. Rg4 Bxg4 25. Rxf8+ Kxf8
26. Qxg4 Qxd5 27. Qxg6 e4 28. Qh6+ Kg8 29. Qg6+ Kf8 30. Qh6+ Kg8 31. Qg6+
Kf8 32. Qh6+ 1/2-1/2

[Event "?"]
[Site "Sportland NRW-Cup"]
[Date "2000.??.??"]
[Round "?"]
[White "Stewart, Neil"]
[Black "Henrichs, Thomas"]
[Result "1/2-1/2"]
[WhiteElo "2320"]
[BlackElo "2445"]

1. e4 c5 2. Nf3 e6 3. d4 cxd4 4. Nxd4 a6 5. Bd3 Bc5 6. Nb3 Be7 7. c4 d6 8.
Nc3 Nf6 9. O-O b6 10. Qe2 Qc7 11. Bd2 Bb7 12. Rac1 Nbd7 13. f4 Rc8 14. Nd4
g6 15. Nf3 Qb8 16. Rce1 Ba8 17. Ng5 O-O 18. e5 Ne8 19. f5 Bxg5 20. Bxg5
Nxe5 21. fxe6 fxe6 22. Rxf8+ Kxf8 23. Qf2+ Kg8 24. Bh6 Ng7 25. Qf6 Rc7 26.
Bxg7 Nxd3 27. Re3 Rf7 28. Qxe6 Qb7 29. Nd5 Nc5 30. Qxd6 Kxg7 31. Qe5+ Kg8
32. Qe8+ Kg7 33. Qe5+ Kg8 34. Qe8+ 1/2-1/2

[Event "?"]
[Site "36th Olympiad ;The Week in Che"]
[Date "2004.??.??"]
[Round "7"]
[White "Russell, M K A"]
[Black "Stefansson, Hannes H"]
[Result "0-1"]
[WhiteElo "2220"]
[BlackElo "2545"]

1. e4 c5 2. Nf3 e6 3. d4 cxd4 4. Nxd4 a6 5. Bd3 Bc5 6. Nb3 Be7 7. O-O d6 8.
a4 Nf6 9. Nc3 b6 10. Qe2 Nbd7 11. f4 Qc7 12. Be3 Bb7 13. Rae1 O-O 14. f5
Ne5 15. fxe6 fxe6 16. Nd4 Qd7 17. Nf3 Nxd3 18. Qxd3 Bd8 19. e5 Nd5 20. Nxd5
Bxd5 21. exd6 Qxa4 22. b3 Qc6 23. Ne5 Qxd6 24. Rxf8+ Qxf8 25. c4 Bb7 26.
Qd7 Qe7 27. Qxe7 Bxe7 28. Bxb6 Bb4 29. Rd1 Be4 30. c5 Bd5 31. Rd3 Rc8 32.
Nd7 Kf7 33. Rd4 a5 34. Ne5+ Ke8 35. Nd3 Bc3 36. Rh4 h6 37. Rh3 Bd4+ 38. Kf1
Bxb3 39. Nc1 Bc4+ 40. Ke1 Bd5 41. Nb3 Bf6 42. Bxa5 Bxg2 43. Re3 Bd5 0-1

[Event "?"]
[Site "HSK IM Hamburg GER ;The Week i"]
[Date "2005.??.??"]
[Round "9"]
[White "Sawadkuhi, Massoud Amir"]
[Black "Murdzia, Piotr"]
[Result "0-1"]
[WhiteElo "2310"]
[BlackElo "2450"]

1. e4 c5 2. Nf3 e6 3. d4 cxd4 4. Nxd4 a6 5. Bd3 Bc5 6. Nb3 Be7 7. Be3 d6 8.
f4 Nf6 9. Qe2 Qc7 10. N1d2 Nc6 11. g4 O-O 12. g5 Nd7 13. c3 b5 14. Nd4 Bb7
15. O-O Rfe8 16. a4 bxa4 17. N4f3 d5 18. exd5 exd5 19. Qf2 d4 20. Nxd4 Nc5
21. Bc2 Nxd4 22. Bxd4 Ne6 23. Be3 Bc5 24. Bxc5 Nxc5 25. Rae1 Qc6 26. Qg3
Rad8 27. Rxe8+ Rxe8 28. Qf3 Qb5 29. Qd1 Qxb2 30. Re1 Qb5 31. Rxe8+ Qxe8 32.
Nc4 g6 33. Ne5 Qe6 34. Kf2 Qd5 35. Qxd5 Bxd5 36. c4 Be4 37. Bxe4 Nxe4+ 38.
Ke3 a3 0-1

[Event "?"]
[Site "XXXV Rilton Cup, Stockholm SWE"]
[Date "2005.??.??"]
[Round "4"]
[White "Ernst, Thomas"]
[Black "Eriksson, Jonas"]
[Result "0-1"]
[WhiteElo "2475"]
[BlackElo "2285"]

1. e4 c5 2. Nf3 e6 3. d4 cxd4 4. Nxd4 a6 5. Bd3 Bc5 6. Nb3 Be7 7. O-O d6 8.
Qg4 g6 9. Qe2 Nd7 10. c4 Qc7 11. Nc3 b6 12. Bf4 Ne5 13. Rfd1 Nf6 14. Rac1
Nfd7 15. Bb1 g5 16. Bg3 h5 17. h3 h4 18. Bh2 Rg8 19. Nd4 g4 20. hxg4 Nxg4
21. Bf4 h3 22. g3 Nde5 23. b4 Bd7 24. a3 Rc8 25. Ba2 Qb7 26. Nf3 Nxf3+ 27.
Qxf3 e5 28. Bd2 Nf6 29. Re1 Bg4 30. Qd3 Rh8 31. Nd5 h2+ 32. Kh1 Nxd5 33.
cxd5 b5 34. f3 Bh3 35. Rxc8+ Qxc8 36. Qc3 Qxc3 37. Bxc3 f5 38. Kxh2 f4 39.
Rh1 Bg4+ 40. Kg1 Rxh1+ 41. Kxh1 Bxf3+ 42. Kh2 fxg3+ 43. Kxg3 Bxe4 44. Bd2
Bc2 45. Be3 Kf7 0-1

[Event "?"]
[Site "XI Anibal Open ;The Week in Ch"]
[Date "2005.??.??"]
[Round "4"]
[White "Lorenzini, Martin"]
[Black "Ivanov, Jordan"]
[Result "1-0"]
[WhiteElo "2410"]
[BlackElo "2350"]

1. e4 c5 2. Nf3 e6 3. d4 cxd4 4. Nxd4 a6 5. Bd3 Bc5 6. Nb3 Be7 7. O-O d6 8.
Be3 Nf6 9. N1d2 b6 10. a4 Nc6 11. Qe2 O-O 12. f4 Qc7 13. a5 bxa5 14. Nc4
Rb8 15. Nbxa5 Nb4 16. Kh1 Bd7 17. Bd4 Nxd3 18. cxd3 Rb5 19. Rfc1 Rc8 20.
Qe3 Ng4 21. Qg1 Bf6 22. Bb6 Qb8 23. Ba7 Qc7 24. Bb6 Qb8 25. Ba7 Qc7 26. Ne5
dxe5 27. Rxc7 Rxc7 28. h3 Nh6 29. fxe5 Bxe5 30. Bd4 Bf4 31. Nc4 f5 32. Qf2
e5 33. g3 fxe4 34. Bb6 e3 35. Bxe3 Bc6+ 36. Kg1 Bxe3 37. Qxe3 Nf5 38. Qg5
Rf7 39. Rf1 e4 40. Qd8+ Rf8 41. Qc7 Bb7 42. g4 Rc8 43. Qd7 1-0

[Event "?"]
[Site "Open Isle of Man IOM"]
[Date "1997.??.??"]
[Round "?"]
[White "Coleman, David"]
[Black "Emms, John M"]
[Result "0-1"]
[WhiteElo "2230"]
[BlackElo "2530"]

1. e4 c5 2. Nf3 e6 3. d4 cxd4 4. Nxd4 Qb6 5. Nc3 Bc5 6. Na4 Qa5+ 7. c3 Bxd4
8. Qxd4 Nf6 9. Nc5 Nc6 10. Qe3 O-O 11. Be2 b6 12. Nb3 Qa4 13. Nd2 Ba6 14.
b3 Qa5 15. b4 Qa4 16. Bd1 Qb5 17. a4 Qd3 18. b5 Qxe3+ 19. fxe3 Bb7 20. bxc6
Bxc6 21. Bf3 Rfc8 22. O-O d5 23. exd5 Nxd5 24. Bxd5 Bxd5 25. Bb2 Rd8 26.
Rf2 Bc6 27. Nf3 f6 28. Nd4 Bd7 29. a5 e5 30. Nf3 bxa5 31. Rxa5 Bc6 32. Re2
Rd7 33. Kf2 Rb8 34. Ba3 Rb1 35. Rd2 Rdb7 36. Rd8+ Kf7 37. Ra8 R7b2+ 38.
Bxb2 Rxb2+ 39. Kg3 Bxa8 40. Rxa7+ Bb7 41. c4 Ke6 42. Ne1 g5 43. h4 gxh4+
44. Kxh4 Be4 45. Ra3 Re2 46. Nd3 Bxd3 47. Rxd3 Rxg2 48. Rc3 Kd6 49. Ra3 Kc5
50. Kh3 Rg1 51. Kh2 Rg6 52. Ra4 h5 53. Kh3 Rg4 54. Ra6 Kxc4 55. Rxf6 Kd3
56. Rf5 e4 57. Rxh5 Rg8 58. Rd5+ Kxe3 59. Rd7 Ke2 60. Rd6 e3 61. Rd7 Ke1
62. Rd6 e2 63. Rd7 Rg5 64. Kh4 Rg1 0-1

[Event "?"]
[Site "Lushki A Serpukhov RUS ;The We"]
[Date "2004.??.??"]
[Round "15"]
[White "Nechepurenko, Roman V"]
[Black "Papin, Vasily"]
[Result "1/2-1/2"]
[WhiteElo "2350"]
[BlackElo "2410"]

1. e4 c5 2. Nf3 e6 3. d4 cxd4 4. Nxd4 a6 5. Bd3 Bc5 6. Nb3 Be7 7. Nc3 d6 8.
a4 b6 9. O-O Nf6 10. f4 Qc7 11. g4 h6 12. Qf3 Nc6 13. Qh3 Nd7 14. Be3 Nc5
15. Nd4 Nb4 16. Rad1 Bd7 17. Qf3 Qb7 18. f5 e5 1/2-1/2

[Event "?"]
[Site "ch-CHN w, Wuxi CHN"]
[Date "2006.??.??"]
[Round "4"]
[White "Ruan Lufei"]
[Black "Li Ruofan"]
[Result "1/2-1/2"]
[WhiteElo "2370"]
[BlackElo "2390"]

1. e4 c5 2. Nf3 e6 3. d4 cxd4 4. Nxd4 a6 5. Bd3 Bc5 6. Nb3 Be7 7. Be3 d6 8.
N1d2 Nd7 9. f4 Ngf6 10. Qf3 Qc7 11. g4 Nc5 12. Nxc5 dxc5 13. g5 Nd7 14. e5
Nb6 15. c4 Bd7 16. Be4 O-O-O 17. O-O-O f5 18. exf6 gxf6 19. Qg2 Kb8 20. b3
f5 21. Bc2 Bc6 22. Nf3 Nc8 23. Rxd8 Rxd8 24. Rd1 Rxd1+ 25. Bxd1 Nd6 26. Qb2
Ne4 27. Ne5 Be8 28. Bf3 Bf8 29. Bxe4 fxe4 30. Bd2 Bh5 31. Qc2 Bd6 32. Qxe4
1/2-1/2

[Event "?"]
[Site "Rilton Cup Stockholm SWE"]
[Date "2000.??.??"]
[Round "?"]
[White "Berg, Emanuel"]
[Black "Nyysti, Sampsa"]
[Result "1-0"]
[WhiteElo "2455"]
[BlackElo "2305"]

1. e4 c5 2. Nf3 e6 3. d4 cxd4 4. Nxd4 a6 5. Bd3 Bc5 6. Nb3 Be7 7. Nc3 d6 8.
f4 Nd7 9. Be3 Ngf6 10. g4 Nc5 11. Nxc5 dxc5 12. g5 Nd7 13. Qf3 b5 14. e5
Rb8 15. h4 Qa5 16. Bd2 b4 17. Ne4 Bb7 18. c4 bxc3 19. Bxc3 Qc7 20. O-O-O
Bd5 21. Rhe1 Qb7 22. f5 c4 23. Bc2 Nc5 24. Rxd5 Qxd5 25. f6 gxf6 26. exf6
Bd8 27. Rd1 Nd3+ 28. Bxd3 cxd3 29. Rxd3 Qxa2 30. Nd6+ Kf8 31. Qh5 Qa1+ 32.
Kc2 Qa4+ 33. Kb1 Qd7 34. Qh6+ Kg8 35. Qg7# 1-0

[Event "?"]
[Site "Essent Open Hoogeveen NED ;The"]
[Date "2004.??.??"]
[Round "1"]
[White "Michielsen, Joost"]
[Black "Zhang Pengxiang"]
[Result "0-1"]
[WhiteElo "2245"]
[BlackElo "2515"]

1. e4 c5 2. Nf3 e6 3. d4 cxd4 4. Nxd4 a6 5. Bd3 Bc5 6. Nb3 Be7 7. Qg4 g6 8.
O-O d6 9. Qe2 Nd7 10. c4 b6 11. Nc3 Bb7 12. f4 Bf6 13. Be3 Ne7 14. f5 Nc6
15. Rad1 Nce5 16. Nd4 Qe7 17. b3 Rc8 18. Bb1 O-O 19. Qe1 Bh4 20. Bf2 Bg5
21. Kh1 Rfe8 22. Bg3 Nc5 23. fxe6 fxe6 24. Nf3 Nxf3 25. Rxf3 e5 26. Nd5
Bxd5 27. cxd5 Rf8 28. Qe2 Rxf3 29. Qxf3 Rf8 30. Qe2 Bh4 31. b4 Bxg3 32.
hxg3 Nd7 33. Qxa6 Qg5 34. Qd3 Nf6 35. Rf1 Rc8 36. Kg1 Ng4 0-1

[Event "?"]
[Site "Jarleslaget Open"]
[Date "1997.??.??"]
[Round "?"]
[White "Hagesaether, Halvard"]
[Black "Davies, Nigel R"]
[Result "0-1"]
[WhiteElo "2255"]
[BlackElo "2505"]

1. e4 c5 2. Nf3 e6 3. d4 cxd4 4. Nxd4 a6 5. Bd3 Bc5 6. Nb3 Be7 7. O-O d6 8.
f4 Nd7 9. N1d2 Ngf6 10. Nf3 e5 11. Qe1 O-O 12. Nh4 Nh5 13. Nf5 Nxf4 14.
Bxf4 exf4 15. Rxf4 Bf6 16. Qf2 Bxb2 17. Rf1 Be5 18. Rg4 Kh8 19. Nbd4 g6 20.
Nh6 Bg7 21. Rh4 Ne5 22. Nf3 Nxf3+ 23. Qxf3 Bd4+ 24. Kh1 Qxh4 25. Nxf7+ Kg7
26. Bc4 Bg4 27. Qb3 b5 28. Re1 Qxe1+ 29. Bf1 Qxf1# 0-1

[Event "?"]
[Site "Open Andorra"]
[Date "1997.??.??"]
[Round "?"]
[White "De la Riva Aguado, Oscar"]
[Black "Garcia Paolicchi, Raul"]
[Result "1/2-1/2"]
[WhiteElo "2480"]
[BlackElo "2280"]

1. e4 c5 2. Nf3 e6 3. d4 cxd4 4. Nxd4 a6 5. Bd3 Bc5 6. Nb3 Be7 7. O-O d6 8.
f4 Qc7 9. Qe2 Nc6 10. Nc3 Nf6 11. Bd2 b5 12. Rae1 b4 13. Nd1 Nd7 14. Ne3
Bb7 15. c3 a5 16. Nd5 Qd8 17. Nxe7 Qxe7 18. Nd4 bxc3 19. Nxc6 Bxc6 20. Bxc3
e5 21. Qd2 Nc5 22. Bc2 O-O 23. Kh1 Qc7 24. Qe3 Na4 25. Bxa4 Bxa4 26. Rf2
Bc6 27. Rd2 1/2-1/2

[Event "?"]
[Site "Team Ch Porec CRO"]
[Date "1998.??.??"]
[Round "?"]
[White "Dabo-Peranic, Robert"]
[Black "Lalic, Bogdan"]
[Result "1/2-1/2"]
[WhiteElo "2195"]
[BlackElo "2560"]

1. e4 c5 2. Nf3 e6 3. d4 cxd4 4. Nxd4 a6 5. Bd3 Bc5 6. Nb3 Be7 7. Nc3 d6 8.
O-O Nf6 9. Qe2 Nbd7 10. f4 Qc7 11. Bd2 b6 12. Rae1 Bb7 13. Kh1 e5 14. Qf3
exf4 15. Qxf4 Ne5 16. Nd4 g6 17. Qg3 Qd8 18. Re2 h5 19. Nf3 h4 20. Qf2 Nxd3
21. cxd3 Ng4 22. Qd4 Bf6 23. e5 Nxe5 24. Nxe5 dxe5 25. Rxe5+ Kf8 26. Qf4 h3
27. Ne4 hxg2+ 28. Kxg2 Qxd3 29. Qxf6 Qe2+ 30. Rf2 Bxe4+ 31. Kg3 Qd3+
1/2-1/2

[Event "?"]
[Site "7th ch-Euro w, Kusadasi TUR"]
[Date "2006.??.??"]
[Round "2"]
[White "Aginian, Nelly"]
[Black "Javakhishvili, Lela"]
[Result "0-1"]
[WhiteElo "2315"]
[BlackElo "2440"]

1. e4 c5 2. Nf3 e6 3. d4 cxd4 4. Nxd4 a6 5. Bd3 Bc5 6. Nb3 Be7 7. O-O d6 8.
c4 Nd7 9. Nc3 Ngf6 10. Be3 O-O 11. f4 b6 12. Qe2 Bb7 13. a4 Rb8 14. Bf2 Qc7
15. Nd4 Rfe8 16. f5 exf5 17. Nxf5 Bf8 18. Bh4 g6 19. Nd4 Bg7 20. Qf2 Ne5
21. Bxf6 Nxd3 22. Qh4 Bxf6 23. Rxf6 Qc5 24. Raf1 Qxd4+ 25. Kh1 Bxe4 26. Qg4
Qxf6 27. Rxf6 Bf5 28. Qg3 Re1+ 29. Qxe1 Nxe1 30. Rxd6 Nd3 31. Nd5 Nxb2 32.
Nf6+ Kg7 33. g4 Nxc4 0-1

[Event "?"]
[Site "(championnat)"]
[Date "2003.??.??"]
[Round "?"]
[White "Von Bahr, Oskar"]
[Black "Ahlander, Bjorn"]
[Result "0-1"]
[WhiteElo "2370"]
[BlackElo "2385"]

1. e4 c5 2. Nf3 e6 3. d4 cxd4 4. Nxd4 a6 5. Bd3 Bc5 6. Nb3 Be7 7. Nc3 Nc6
8. Qg4 Nf6 9. Qxg7 Rg8 10. Qh6 Rxg2 11. Qh3 Rg8 12. Bd2 d5 13. exd5 exd5
14. Bf5 d4 15. O-O-O dxc3 16. Bxc3 Qc7 17. Kb1 Rg6 18. Rhe1 Kf8 19. Rd3
Bxf5 20. Qxf5 Rd8 21. Rg3 Qd7 22. Qf3 Rxg3 0-1

[Event "?"]
[Site "21st Open Boeblinger GER ;The"]
[Date "2004.??.??"]
[Round "9"]
[White "Jaracz, Barbara"]
[Black "Meijers, Viesturs"]
[Result "1-0"]
[WhiteElo "2290"]
[BlackElo "2465"]

1. e4 c5 2. Nf3 e6 3. d4 cxd4 4. Nxd4 a6 5. Bd3 Bc5 6. Nb3 Be7 7. O-O d6 8.
c4 Nd7 9. Nc3 b6 10. f4 Ngf6 11. Qe2 Qc7 12. Bd2 Bb7 13. Rae1 h5 14. e5
dxe5 15. fxe5 Ng4 16. Bf4 O-O-O 17. Be4 Bxe4 18. Nxe4 Ngxe5 19. c5 Nxc5 20.
Nbxc5 Bxc5+ 21. Kh1 f6 22. Bxe5 fxe5 23. Nxc5 bxc5 24. Qxa6+ Kb8 25. Rf3
Rd4 26. Rfe3 Qb7 27. Qxe6 Rc8 28. Qxe5+ Qc7 29. Rb3+ Ka7 30. Qxh5 Rf8 31.
Ra3+ Kb8 32. Qe2 Rdf4 33. Qb5+ Qb7 34. Re8+ Kc7 35. Qxc5+ Kd7 36. Re7+ 1-0

[Event "?"]
[Site "Berliner Sommer"]
[Date "1997.??.??"]
[Round "?"]
[White "Gullaksen, Eirik T"]
[Black "Aagaard, Jacob"]
[Result "0-1"]
[WhiteElo "2320"]
[BlackElo "2435"]

1. e4 c5 2. Nf3 e6 3. d4 cxd4 4. Nxd4 a6 5. Bd3 Bc5 6. Nb3 Be7 7. Nc3 Qc7
8. Qe2 d6 9. Bd2 Nf6 10. g4 Nc6 11. g5 Nd7 12. f4 h6 13. g6 Bh4+ 14. Kd1
O-O 15. Qg4 Bf2 16. gxf7+ Rxf7 17. Ke2 Ba7 18. Rae1 Nf6 19. Qg6 Ne7 20. Qg2
e5 21. Kd1 exf4 22. Kc1 Ng4 23. Nd5 Nxd5 24. exd5 Bd7 25. Rhf1 Ne5 26. Be4
f3 27. Bxf3 Nd3+ 28. Kb1 Nxe1 29. Rxe1 Raf8 30. Bc3 Bh3 31. Qxh3 Rxf3 32.
Qe6+ R3f7 33. a3 Qd7 34. Qg6 Rf1 35. Rxf1 Rxf1+ 36. Ka2 Rf5 37. Nd2 Qf7 38.
Qg4 Rxd5 39. b3 Rf5 40. Ne4 Rf4 41. Qc8+ Kh7 42. Nxd6 Qd5 43. Nc4 Qf5 0-1

[Event "?"]
[Site "Wch U18 Oropesa del Mar ESP"]
[Date "1998.??.??"]
[Round "?"]
[White "Blehm, Pawel"]
[Black "Toth, Andras"]
[Result "1/2-1/2"]
[WhiteElo "2420"]
[BlackElo "2330"]

1. e4 c5 2. Nf3 e6 3. d4 cxd4 4. Nxd4 Qb6 5. Nc3 Bc5 6. Na4 Qa5+ 7. c3 Bxd4
8. Qxd4 Nf6 9. Nc5 Nc6 10. Qe3 O-O 11. Nb3 Qa4 12. Bd3 b6 13. Nd4 Nxd4 14.
Qxd4 Qc6 15. f3 d6 16. Bg5 Qc5 17. h4 h6 18. Be3 Qc7 19. g4 e5 20. Qb4 Be6
21. c4 Rac8 22. b3 b5 23. Qxb5 d5 24. exd5 e4 25. fxe4 Nxg4 26. Bd4 Qg3+
27. Kd2 Nf2 28. Bxf2 Qxf2+ 29. Kc3 Qf6+ 30. Kc2 Qf2+ 31. Kc3 Qf6+ 1/2-1/2

[Event "?"]
[Site "opA Montpellier FRA"]
[Date "1998.??.??"]
[Round "?"]
[White "Guidarelli, Laurent"]
[Black "David, Alberto"]
[Result "0-1"]
[WhiteElo "2225"]
[BlackElo "2525"]

1. e4 c5 2. Nf3 e6 3. d4 cxd4 4. Nxd4 a6 5. Bd3 Bc5 6. Nb3 Be7 7. O-O d6 8.
Be3 Nf6 9. Nc3 Nbd7 10. f4 b5 11. Qf3 Bb7 12. a3 Rc8 13. Rad1 Qc7 14. Qg3
h5 15. e5 dxe5 16. fxe5 h4 17. Qxg7 Rg8 18. exf6 Nxf6 19. Qxg8+ Nxg8 20.
Nd4 Qe5 21. Bf2 Bd6 22. g3 hxg3 23. hxg3 Rxc3 0-1